Defekt : (Record no. 807635)

MARC details
000 -LEADER
fixed length control field 00959nam a2200325 a 4500
001 - CONTROL NUMBER
control field vtls000984698
003 - CONTROL NUMBER IDENTIFIER
control field NLI
005 - DATE AND TIME OF LATEST TRANSACTION
control field 20210627101725.0
008 - FIXED-LENGTH DATA ELEMENTS--GENERAL INFORMATION
fixed length control field 120214s2002 sz 000 1 ger
020 ## - INTERNATIONAL STANDARD BOOK NUMBER
International Standard Book Number 3312002907
039 #9 - LEVEL OF BIBLIOGRAPHIC CONTROL AND CODING DETAIL [OBSOLETE]
-- 201202141726
-- aratid
040 ## - CATALOGING SOURCE
Original cataloging agency NLI
Language of cataloging ger
Transcribing agency GLD
041 0# - LANGUAGE CODE
Language code of text/sound track or separate title ger
044 ## - COUNTRY OF PUBLISHING/PRODUCING ENTITY CODE
MARC country code sz
082 04 - DEWEY DECIMAL CLASSIFICATION NUMBER
Classification number 833.91
Edition number 22
100 1# - MAIN ENTRY--PERSONAL NAME
Personal name Acklin, Jürg,
Dates associated with a name 1945-
9 (RLIN) 927019
245 10 - TITLE STATEMENT
Title Defekt :
Remainder of title Roman /
Statement of responsibility, etc. Jürg Acklin
260 ## - PUBLICATION, DISTRIBUTION, ETC.
Place of publication, distribution, etc. Zürich :
Name of publisher, distributor, etc. Nagel & Kimche,
Date of publication, distribution, etc. 2002
300 ## - PHYSICAL DESCRIPTION
Extent 126 p. ;
Dimensions 20 cm.
650 #0 - SUBJECT ADDED ENTRY--TOPICAL TERM
Topical term or geographic name entry element German fiction
710 2# - ADDED ENTRY--CORPORATE NAME
Corporate name or jurisdiction name as entry element Manas Roy Collection (National Library, Kolkata)
887 ## - NON-MARC INFORMATION FIELD
Content of non-MARC field arati
901 ## - LOCAL DATA ELEMENT A, LDA (RLIN)
a 11423
b date 18.5.2007
902 ## - LOCAL DATA ELEMENT B, LDB (RLIN)
a Ger/MR 833.91 Ac 57 d
904 ## - LOCAL DATA ELEMENT D, LDD (RLIN)
a arati
949 ## - LOCAL PROCESSING INFORMATION (OCLC)
-- VIRTUAITEM
-- 10030
-- 100
6 GXX000011423GER
942 ## - ADDED ENTRY ELEMENTS (KOHA)
Source of classification or shelving scheme Dewey Decimal Classification
Koha item type Books
Holdings
Withdrawn status Lost status Damaged status Not for loan Collection code Home library Current library Shelving location Date acquired Total Checkouts Full call number Barcode Date last seen Price effective from Koha item type
          National Library of India National Library of India       Ger/MR 833.91 Ac 57 d GXX000011423GER 27/06/2021 27/06/2021 Books
                                                                           
web counter

Copyright ©2020 The National Library of India, Govt. of India ↔ Hosted by NVLI, MOC ↔ Technology and Design by National Library of India, Ministry of Culture, Govt. of India